Journal of management education <a> Publication of the Organizational behavior teaching society

Guardado en:
Detalles Bibliográficos
Formato: Seriadas
Lenguaje:inglés
Publicado: London SAGE Publ. 1996
Materias:
Etiquetas: Agregar Etiqueta
Sin Etiquetas, Sea el primero en etiquetar este registro!

MARC

LEADER 00000nas2a2200000 4500
001 s107348
005 20221221070817.7
022 |a 1052-5629 
041 0 |a eng 
044 |a US 
245 1 0 |a Journal of management education  |b <a> Publication of the Organizational behavior teaching society 
264 1 |a London  |b SAGE Publ.  |c 1996 
300 |a 1 zv. 
773 0 |w eu_un_cat*s120135 
610 2 0 |a vzdelávanie 
610 2 0 |a výchova 
610 2 0 |a manažment